Apley's Concise System of Orthopaedics and Fractures (Record no. 216500)

MARC details
000 -LEADER
fixed length control field 00598nam a22001817a 4500
008 - FIXED-LENGTH DATA ELEMENTS--GENERAL INFORMATION
fixed length control field 260128b |||||||| |||| 00| 0 eng d
020 ## - INTERNATIONAL STANDARD BOOK NUMBER
International Standard Book Number 9780340809846
050 ## - LIBRARY OF CONGRESS CALL NUMBER
Classification number RD 731 .S66 2005
Item number C.2
100 ## - MAIN ENTRY--PERSONAL NAME
Personal name Solomon, Louis
245 ## - TITLE STATEMENT
Title Apley's Concise System of Orthopaedics and Fractures
250 ## - EDITION STATEMENT
Edition statement Third Edition
260 ## - PUBLICATION, DISTRIBUTION, ETC.
Place of publication, distribution, etc. London
Name of publisher, distributor, etc. Hodder Arnold
Date of publication, distribution, etc. 2005
300 ## - PHYSICAL DESCRIPTION
Extent xi,
500 ## - GENERAL NOTE
General note Includes index
650 ## - SUBJECT ADDED ENTRY
Topical term or geographic name entry element 1. Orthopedics. 2. Fractures. 3. Bones—Diseases. 4. Musculoskeletal system—Diseases. 5. Surgery, Orthopedic—Textbooks.
942 ## - ADDED ENTRY ELEMENTS (KOHA)
Source of classification or shelving scheme Library of Congress Classification
Koha item type Long Loan Book
Holdings
Withdrawn status Lost status Source of classification or shelving scheme Damaged status Not for loan Collection Home library Current library Date acquired Inventory number Total checkouts Full call number Barcode Date last seen Copy number Price effective from Koha item type
    Library of Congress Classification     Medicine Kisii University Library Kisii University Library 01/28/2026 47546   RD 731 .S66 2005 000000024821 01/28/2026 C.2 01/28/2026 Long Loan Book